Zbierka úloh z vyššej matematiky 1.časť

Salvato in:
Dettagli Bibliografici
Autori principali: Eliáš, Jozef (Autore), Horváth, Ján (Autore), Kajan, Juraj (Autore)
Natura: Libro
Lingua:slovacco
Pubblicazione: Bratislava : Alfa, 1979
Edizione:5.vyd.
Soggetti:
Tags: Aggiungi Tag
Nessun Tag, puoi essere il primo ad aggiungerne!!

MARC

LEADER 00000nam a22000003a 4500
001 stu10693
005 20150617225804.9
008 941020s1979----cs------------------slo-d
040 |a STU  |b slo 
041 0 |a slo 
044 |a cs 
100 1 |a Eliáš, Jozef  |4 aut 
245 1 |a Zbierka úloh z vyššej matematiky 1.časť 
250 |a 5.vyd.  
260 |a Bratislava :  |b Alfa,  |c 1979 
300 |a 291 s 
650 7 |a vedy prírodné  |2 stusub 
650 7 |a matematika  |2 stusub 
700 1 |a Horváth, Ján  |4 aut 
700 1 |a Kajan, Juraj  |4 aut 
996 |b 284AU01348  |c A*716 U  |l AAKNAR  |s A  |a 24  |w stu10693_0001 
996 |b 284AU04304  |c A*1274 U  |l AAKNAR  |s A  |a 24  |w stu10693_0002